Znajdź błędy we flagach państw Europy - Statystyki

Ogólne statystyki
  • Ten quiz został rozwiązany 59 633 razy
  • Średni wynik to 6 z 8
Odpowiedzi na mapie
Odpowiedzi zakodowano w zielono-czerwonej skali na mapie do tego quizu, zgodnie z poniższymi procentami.
 
Statystyki odpowiedzi
Państwo % Poprawnych
Polska
95%
Szwecja
92%
Wielka Brytania
84%
Ukraina
76%
Szwajcaria
75%
Portugalia
73%
Grecja
62%
San Marino
54%
Nie znaleziono quizów pasujących do podanych kryteriów
Rozkład punktacji
Procent ludzi z każdym wynikiem
Percentyl według liczby udzielonych odpowiedzi
Twoja historia wyników
Nie rozwiązałeś tego quizu